Macunaíma : o heróisem nenhum caráter /
Gardado en:
| Autor Principal: | |
|---|---|
| Formato: | Desconocido |
| Idioma: | Spanish |
| Publicado: |
Brasilia :
Editora Italiana Limitada,
1984.
|
| Materias: | |
| Etiquetas: |
Engadir etiqueta
Sen Etiquetas, Sexa o primeiro en etiquetar este rexistro!
|
MARC
| LEADER | 000000000a22000000004500 | ||
|---|---|---|---|
| 001 | 013876 | ||
| 041 | 0 | |a spa | |
| 082 | 0 | 4 | |a Br869.935 |b A553m |
| 100 | 1 | |a Andrade, Mario de, |d 1893-1945 | |
| 245 | 1 | 0 | |a Macunaíma : |b o heróisem nenhum caráter / |c Mario de Andrade. |
| 260 | 1 | |a Brasilia : |b Editora Italiana Limitada, |c 1984. | |
| 300 | |a 135 páginas | ||
| 500 | |a Material disponible en BCMA | ||
| 650 | 4 | |a LITERATURA BRASILEÑA | |
| 650 | 4 | |a NOVELA | |
| 500 | |a Colección George Yúdice | ||
| 999 | |c 19787 |d 19787 | ||
| 942 | |c BK |h Br869.935 A553m |2 z | ||
